000 00818cab a2200241 4500
001 WB2901-79
008 090401t1993 xxu||||| |||| 00| 0 eng d
035 _a(Sirsi) u18728
041 _aeng
245 _aHomes undervalued on council tax
260 _c1993
350 _a0
490 _aTimes
_v6 January 1993, 5
490 _aIndependent
_v6 January 1993, 6(1)
520 _aResearch presented at the Institute of British Geographers annual conference shows evidence of widespread and systematic undervaluation of premises for the council tax, resulting in fewer band D homes and higher bills for upper band residents.
650 _aCOUNCIL TAX
650 _aRESEARCH
650 _aUNDERVALUATION
650 _aValuation
_96273
690 _aRATING AND VALUATION
942 _n0
948 _c04/03/1997
999 _c12463
_d12463